Estudio del sector externo de la economía costarricense con una descripción del Desarrollo económico de Costa Rica 1946-1954 /
Na minha lista:
| Autores corporativos: | , |
|---|---|
| Formato: | Texto |
| Publicado em: |
San José :
UCR
|
| Tags: |
Adicionar Tag
Sem tags, seja o primeiro a adicionar uma tag!
|
MARC
| LEADER | 00000 a a2200000 04500 | ||
|---|---|---|---|
| 001 | 23392 | ||
| 003 | |||
| 040 | |||
| 020 | |a [sin ISBN] | ||
| 090 | |a 0001 U58d No.1 | ||
| 110 | |a Universidad de Costa Rica. Escuela de Ciencias Económicas y Sociales. Departamento de Investigaciones. Proyecto de Investigación del Desarrollo Económico de Costa Rica | ||
| 245 | |a Estudio del sector externo de la economía costarricense con una descripción del Desarrollo económico de Costa Rica 1946-1954 / |c Universidad de Costa Rica. Departamento de Investigaciones | ||
| 260 | |a San José : |b UCR | ||
| 300 | |a 71 p | ||
| 300 | |b **no definido** | ||
| 500 | |a Este estudio es realizado por el Proyecto de Investigación del Desarrollo Económico de Costa Rica | ||
| 505 | |a Este documento es publicado junto con toda la serie bajo el título de La economía costarricense a mediados del siglo XX. Serie Economía y Estadística |a Libros 1 a 6, el cual se encuentra en el CIDCACS con la clasificación 0004 U58e | ||
| 710 | |a Escuela de Ciencias Económicas | ||
| 999 | |c 15830 |d 15830 | ||
